000 00544nam a2200181Ia 4500
003 IN-BaIIA
008 211028s9999 xx 000 0 eng d
040 _cIIA Library
080 _a530.145
_bQUA-II
245 0 _aQuantum theory
_bvol. II
_cedited by D. R. Bates
260 _aNew York
_bAcademic Press
_c1962
300 _axi, 475p.
490 _aPure and applied physics, a series of monographs and textbook
650 _aAstronomy and astrophysics thesaurus
650 _aQuantum theory
700 _aBates, D. R., ed.
_93365
942 _cBK
999 _c2218
_d2218